Countries With Dior - Statistics

General Stats
  • This quiz has been taken 491 times
    46 since last reset
  • The average score is 43 of 53
Answer Stats
Outlet(s) Country % Correct
83 France
98%
15 Spain
98%
108 United States
98%
79 China
95%
18 Germany
95%
32 Japan
95%
6 Canada
93%
34 Italy
93%
5 Mexico
93%
4 Norway
93%
3 South Africa
93%
11 United Kingdom
93%
2 Brazil
90%
1 Ireland
90%
6 Portugal
90%
6 Russia
90%
32 South Korea
90%
3 Sweden
90%
12 Australia
88%
6 Indonesia
88%
4 Austria
85%
1 Denmark
85%
2 India
85%
2 Vietnam
85%
3 Greece
83%
5 Malaysia
83%
17 United Arab Emirates
83%
5 Netherlands
80%
3 New Zealand
80%
10 Qatar
80%
3 Saudi Arabia
80%
11 Singapore
80%
8 Switzerland
80%
16 Taiwan
80%
7 Thailand
80%
4 Turkey
80%
1 Czech Republic
78%
2 Morocco
78%
3 Philippines
78%
2 Monaco
76%
5 Belgium
73%
1 Iceland
73%
7 Kuwait
73%
2 Oman
73%
1 Ukraine
73%
1 Luxembourg
71%
3 Bahrain
68%
1 Kazakhstan
66%
1 Iraq
59%
3 Lebanon
59%
1 Cyprus
44%
1 Montenegro
41%
1 Libya
32%
No matching quizzes found
Score Distribution
Percent of People with Each Score
Percentile by Number Answered
Your Score History
You have not taken this quiz since the last reset